000 00464cam a22001814a 4500
005 20250605164114.0
008 250528s ||||||||||||||||||||||||d
035 _a18007
040 _aGR-AtMCL
_bgre
_dGR-AtMCL
_eAACR2
245 1 _aΗ ΕΙΚΟΝΑ ΤΟΥ ΑΝΘΡΩΠΟΥ ΣΤΟΝ ΜΑΡΞ
250 _a1
260 _bΜπουκουμάνης,
_c1975
300 _a307
700 1 _aFromm Erich
_9288
942 _cBK
999 _c3399
_d3399